00449nam a2200145Ia 4500008004100000100001500041245009700056245001500153260005900168260000900227300000800236650001800244650001500262856002600277170221s9999 xx 000 0 und d aShilpi Jha aInnovations in Placing Advertisements on Television: An Analysis of News Channels in India  cShilpi Jha bOnline Journal of Communication and Media Technologies c2012 a9 : xCommunication xMedia Arts uhttp://www.ojcmt.net/